Is there a family in the house? / (Record no. 4932)
[ view plain ]
| 000 -LEADER | |
|---|---|
| fixed length control field | 00902nam a2200289Ia 4500 |
| 001 - CONTROL NUMBER | |
| control field | 1071 |
| 003 - CONTROL NUMBER IDENTIFIER | |
| control field | GBCCL |
| 005 - DATE AND TIME OF LATEST TRANSACTION | |
| control field | 20241126110530.0 |
| 008 - FIXED-LENGTH DATA ELEMENTS--GENERAL INFORMATION | |
| fixed length control field | 810820r1978 mnu 00010 eng d |
| 010 ## - | |
| -- | 78058548 |
| 020 ## - INTERNATIONAL STANDARD BOOK NUMBER | |
| International Standard Book Number | 0849928397 (pbk.) |
| Canceled/invalid ISBN | 084990109X |
| 035 ## - SYSTEM CONTROL NUMBER | |
| System control number | OCM07687493 820327 |
| 040 ## - CATALOGING SOURCE | |
| Original cataloging agency | SPL |
| Transcribing agency | SPL |
| Modifying agency | LBB |
| 049 ## - | |
| -- | LBBK |
| 082 ## - DEWEY DECIMAL CLASSIFICATION NUMBER | |
| Classification number | 249 |
| -- | 248.84 |
| Item number | CHA |
| 092 ## - LOCALLY ASSIGNED DEWEY CALL NUMBER (OCLC) | |
| Classification number | 306.8 |
| 092 ## - LOCALLY ASSIGNED DEWEY CALL NUMBER (OCLC) | |
| Item number | C433 |
| 100 10 - MAIN ENTRY--PERSONAL NAME | |
| Personal name | Chafin, Kenneth. |
| 9 (RLIN) | 8954 |
| 245 10 - TITLE STATEMENT | |
| Title | Is there a family in the house? / |
| Statement of responsibility, etc. | Kenneth Chafin. |
| 250 ## - EDITION STATEMENT | |
| Edition statement | Special crusade ed. |
| 260 0# - PUBLICATION, DISTRIBUTION, ETC. | |
| Place of publication, distribution, etc. | Minneapolis, Minn. : |
| Name of publisher, distributor, etc. | Published for the Billy Graham Evangelistic Association by World Wide Publications, |
| Date of publication, distribution, etc. | c1978. |
| 300 ## - PHYSICAL DESCRIPTION | |
| Extent | 158 p. ; |
| Dimensions | 21 cm. |
| 500 ## - GENERAL NOTE | |
| General note | Previous ed.: Waco, Tex. : Word Books, 1978. |
| 650 #0 - SUBJECT ADDED ENTRY--TOPICAL TERM | |
| Topical term or geographic name entry element | Marriage |
| General subdivision | Biblical teaching. |
| 9 (RLIN) | 3367 |
| 650 #0 - SUBJECT ADDED ENTRY--TOPICAL TERM | |
| Topical term or geographic name entry element | Family |
| General subdivision | Biblical teaching. |
| 9 (RLIN) | 8955 |
| 942 ## - ADDED ENTRY ELEMENTS (KOHA) | |
| Source of classification or shelving scheme | Dewey Decimal Classification |
| Koha item type | Books |
| Koha issues (borrowed), all copies | 159 |
| Withdrawn status | Lost status | Source of classification or shelving scheme | Damaged status | Not for loan | Home library | Current Library | Shelving location | Date acquired | Total checkouts | Total renewals | Full call number | Barcode | Date last seen | Date last checked out | Copy number | Price effective from | Koha item type | Source of acquisition | Cost, normal purchase price | Cost, replacement price |
|---|---|---|---|---|---|---|---|---|---|---|---|---|---|---|---|---|---|---|---|---|
| Dewey Decimal Classification | GRACE BIBLE COLLEGE | GRACE BIBLE COLLEGE | Ministry & Mission | 2018-02-15 | 17 | 1 | 249 CHA | 001169 | 2025-05-01 | 2024-09-03 | c.3 | 2018-02-15 | Books | |||||||
| Dewey Decimal Classification | GRACE BIBLE COLLEGE | GRACE BIBLE COLLEGE | Ministry & Mission | 2018-03-02 | 8 | 2 | 249 CHA | 001167 | 2025-06-04 | 2019-09-10 | c.1 | 2018-03-02 | Books | |||||||
| Dewey Decimal Classification | GRACE BIBLE COLLEGE | GRACE BIBLE COLLEGE | Ministry & Mission | 2018-03-02 | 12 | 4 | 249 CHA | 001168 | 2025-05-01 | 2024-08-14 | c.2 | 2018-03-02 | Books | |||||||
| Dewey Decimal Classification | GRACE BIBLE COLLEGE | GRACE BIBLE COLLEGE | Ministry & Mission | 2018-03-02 | 9 | 1 | 249 CHA | 001170 | 2025-05-01 | 2023-07-19 | c.4 | 2018-03-02 | Books | |||||||
| Dewey Decimal Classification | GRACE BIBLE COLLEGE | GRACE BIBLE COLLEGE | Ministry & Mission | 2018-03-02 | 12 | 1 | 249 CHA | 001171 | 2025-05-01 | 2022-07-12 | c.5 | 2018-03-02 | Books | |||||||
| Dewey Decimal Classification | GRACE BIBLE COLLEGE | GRACE BIBLE COLLEGE | Ministry & Mission | 2018-03-02 | 13 | 1 | 249 CHA | 001172 | 2025-05-01 | 2024-08-09 | c.6 | 2018-03-02 | Books | |||||||
| Dewey Decimal Classification | GRACE BIBLE COLLEGE | GRACE BIBLE COLLEGE | Ministry & Mission | 2018-03-02 | 9 | 249 CHA | 001173 | 2025-05-01 | 2022-07-15 | c.7 | 2018-03-02 | Books | ||||||||
| Dewey Decimal Classification | GRACE BIBLE COLLEGE | GRACE BIBLE COLLEGE | Ministry & Mission | 2018-03-02 | 10 | 1 | 249 CHA | 001174 | 2025-05-01 | 2022-07-14 | c.8 | 2018-03-02 | Books | |||||||
| Dewey Decimal Classification | GRACE BIBLE COLLEGE | GRACE BIBLE COLLEGE | Ministry & Mission | 2018-03-02 | 14 | 1 | 249 CHA | 001177 | 2025-05-01 | 2024-08-12 | c.9 | 2018-03-02 | Books | |||||||
| Dewey Decimal Classification | GRACE BIBLE COLLEGE | GRACE BIBLE COLLEGE | Ministry & Mission | 2018-03-02 | 12 | 1 | 249 CHA | 001178 | 2025-05-01 | 2024-08-12 | c.10 | 2018-03-02 | Books | |||||||
| Dewey Decimal Classification | GRACE BIBLE COLLEGE | GRACE BIBLE COLLEGE | Ministry & Mission | 2018-03-02 | 23 | 2 | 249 CHA | 001179 | 2025-05-01 | 2024-08-14 | c.11 | 2018-03-02 | Books | |||||||
| Dewey Decimal Classification | GRACE BIBLE COLLEGE | GRACE BIBLE COLLEGE | Ministry & Mission | 2018-10-11 | 20 | 1 | 249 CHA | 014873 | 2025-05-01 | 2024-09-19 | c.12 | 2018-10-11 | Books | 6 | 200.00 | 20.00 |